000
00234nam a2200097Ia 4500
005
20251222114348.0
008
251222s1900||||xx |||||||||||||| ||spa||
082
_a
DVD0113/G81/2003
245
0
_a
El cascanueces:The Nutcracker
942
_c
DVD
999
_c
1113
_d
1113